Govt. of
Madhya Pradesh

MPPSC 2.O प्रीलिम्स Handwritten नोट्स ( मध्य प्रदेश का भुगोल) यूनिट -4 (Record no. 68049)

MARC details
000 -LEADER
fixed length control field 00544nam a22001577a 4500
003 - CONTROL NUMBER IDENTIFIER
control field MACL
005 - DATE AND TIME OF LATEST TRANSACTION
control field 20250731142523.0
008 - FIXED-LENGTH DATA ELEMENTS--GENERAL INFORMATION
fixed length control field 250731b |||||||| |||| 00| 0 eng d
040 ## - CATALOGING SOURCE
Transcribing agency MACL
082 ## - DEWEY DECIMAL CLASSIFICATION NUMBER
Classification number 910
100 ## - MAIN ENTRY--PERSONAL NAME
Personal name सिंह विक्रम
9 (RLIN) 210
245 ## - TITLE STATEMENT
Title MPPSC 2.O प्रीलिम्स Handwritten नोट्स ( मध्य प्रदेश का भुगोल) यूनिट -4
260 ## - PUBLICATION, DISTRIBUTION, ETC. (IMPRINT)
Place of publication, distribution, etc. मेरठ यू पी
Name of publisher, distributor, etc. Arihant publication
Date of publication, distribution, etc. 2025
650 ## - SUBJECT ADDED ENTRY--TOPICAL TERM
Topical term or geographic name as entry element भूगोल
942 ## - ADDED ENTRY ELEMENTS (KOHA)
Source of classification or shelving scheme
Koha item type Competitive Books

No items available.